| 000 | 00706nmm a2200241 a 4500 | ||
|---|---|---|---|
| 003 | AR-BaBNM | ||
| 005 | 20251128211830.0 | ||
| 008 | 066120s2005 ||||||||||||||000 | spa|| | ||
| 020 | _a987-43-7173-0 | ||
| 040 | _cAR-BaBNM | ||
| 100 | 1 | _aAguado, Alejandro | |
| 245 | 1 | 0 |
_aLa colonización del oeste de la Patagonia central _bDepartamento Río Senguer, Chubut : 1890-1919 |
| 260 |
_aRawson _bSecretaría de Cultura del Chubut _c2005 |
||
| 300 | 0 |
_a175 p. _bil. |
|
| 650 | 4 | _aHISTORIA PATAGONICA | |
| 650 | 4 | _aHISTORIA PROVINCIAL ARGENTINA | |
| 650 | 4 | _aHISTORIA CHUBUTENSE | |
| 650 | 4 | _aPOBLACIONES ABORIGENES | |
| 650 | 4 | _aCOLONIZACION | |
| 651 | 4 | _aPatagonia | |
| 942 | _cBK | ||
| 998 | _cNancy | ||
| 999 |
_c21303 _d21303 |
||